Search the Library Catalogue
| 000 -LEADER | |
|---|---|
| fixed length control field | 00838nam a2200229Ia 4500 |
| 008 - FIXED-LENGTH DATA ELEMENTS--GENERAL INFORMATION | |
| fixed length control field | 191130s1991##################000#0#eng## |
| 020 ## - INTERNATIONAL STANDARD BOOK NUMBER | |
| International Standard Book Number | 9780521575690 |
| 022 ## - INTERNATIONAL STANDARD SERIAL NUMBER | |
| International Standard Serial Number | 91000149 |
| 040 ## - CATALOGING SOURCE | |
| Original cataloging agency | ACL |
| Transcribing agency | ACL |
| 082 ## - DEWEY DECIMAL CLASSIFICATION NUMBER | |
| Classification number | 320.01 ANS |
| 100 ## - MAIN ENTRY--PERSONAL NAME | |
| Personal name | Ansell-Pearson, Keith |
| 245 ## - TITLE STATEMENT | |
| Title | Nietzsche contra Rousseau : a study of Nietzsche's moral and political thought |
| Statement of responsibility, etc. | Keith Ansell-Pearson |
| 260 ## - PUBLICATION, DISTRIBUTION, ETC. | |
| Place of publication, distribution, etc. | Cambridge |
| Name of publisher, distributor, etc. | Cambridge University Press |
| Date of publication, distribution, etc. | c1991 |
| 300 ## - PHYSICAL DESCRIPTION | |
| Extent | xvii, 284 p. ; 24 cm |
| 500 ## - GENERAL NOTE | |
| General note | Includes bibliographical references (p. 267-277) and index |
| 650 ## - SUBJECT ADDED ENTRY--TOPICAL TERM | |
| Topical term or geographic name entry element | Nietzsche, Friedrich Wilhelm, 1844-1900 - Ethics |
| Topical term or geographic name entry element | Nietzsche, Friedrich Wilhelm, 1844-1900 - Political and social views |
| Topical term or geographic name entry element | Rousseau, Jean-Jacques, 1712-1778 |
| 990 ## - EQUIVALENCES OR CROSS-REFERENCES [LOCAL, CANADA] | |
| Link information for 9XX fields | 813e79d8ac10000c4c8324fcd52202e5 |
| 991 ## - | |
| -- | 195394 |
| Withdrawn status | Lost status | Materials specified (bound volume or other part) | Damaged status | Not for loan | Home library | Current library | Shelving location | Date acquired | Total Checkouts | Full call number | Barcode | Date last seen | Price effective from | Koha item type |
|---|---|---|---|---|---|---|---|---|---|---|---|---|---|---|
| pbk | Anna Centenary Library | Anna Centenary Library | 3RD FLOOR, B WING | 09.10.2020 | 320.01 ANS | 236584 | 09.10.2020 | 09.10.2020 | English Books |